ARRUPE JESUIT UNIVERSITY

CORONAVIRUS -STOP THE SPREAD - CLEAN,DISINFECT,COVER

Bosman at his best (Record no. 119671)

MARC details
000 -LEADER
fixed length control field 00405nam a22001337a 4500
008 - FIXED-LENGTH DATA ELEMENTS--GENERAL INFORMATION
fixed length control field 140123b xxu||||| |||| 00| 0 eng d
050 ## - LIBRARY OF CONGRESS CALL NUMBER
Classification number PZ4.B7425B6
100 ## - MAIN ENTRY--PERSONAL NAME
Personal name Bosman, Herman Charles
9 (RLIN) 6999
245 ## - TITLE STATEMENT
Title Bosman at his best
Remainder of title A choice of stories and sketches
260 ## - PUBLICATION, DISTRIBUTION, ETC. (IMPRINT)
Place of publication, distribution, etc Cape Town
Name of publisher, distributor, etc Human & Rousseau
Date of publication, distribution, etc 1965
300 ## - PHYSICAL DESCRIPTION
Extent 206p.
Dimensions 21cm
700 ## - ADDED ENTRY--PERSONAL NAME
Personal name Abrahams, Lionel (ed)
9 (RLIN) 7000
942 ## - ADDED ENTRY ELEMENTS (KOHA)
Source of classification or shelving scheme Library of Congress Classification
Item type Monograph ( Printed materials)
Holdings
Withdrawn status Lost status Source of classification or shelving scheme Damaged status Not for loan Home library Current library Date acquired Total Checkouts Full call number Barcode Date last seen Price effective from Koha item type
    Library of Congress Classification     ARRUPE LIBRARY ARRUPE LIBRARY 23/01/2014   SPC PR9369.3.B61B6 464122494 23/01/2014 23/01/2014 Monograph ( Printed materials)

 

Arrupe Library. PO Box MP320 Mt Pleasant, Harare, Zimbabwe
263 242 745411|librarian@aju.ac.zw